[Event "Torneo Zonale"]
[Site "Budva YUG"]
[Date "1981.10.??"]
[Round "1"]
[White "Afifi, Assem"]
[Black "Mariotti, Sergio"]
[Result "0-1"]
[WhiteElo "2220"]
[BlackElo "2475"]
[PlyCount "77"]
[EventDate "1981.10.04"]

1. d4 Nf6 2. c4 e6 3. Nf3 b6 4. g3 Ba6 5. Nbd2 c5 6. Bg2 Bb7 7. O-O cxd4 8.
Nxd4 Bxg2 9. Kxg2 Qc7 10. e4 Nc6 11. Nb5 Qb7 12. f3 a6 13. Nc3 Be7 14. b3 O-O
15. Bb2 Rfd8 16. Qe2 d6 17. f4 Bf8 18. Nf3 Nd7 19. h4 Nc5 20. Rfd1 Be7 21. Rd2
Rdb8 22. Nd1 b5 23. Nf2 bxc4 24. Qxc4 Qb4 25. Qe2 a5 26. Nd4 Nxd4 27. Bxd4 a4
28. bxa4 Nxa4 29. Rc1 Rc8 30. Rxc8+ Rxc8 31. h5 h6 32. Qd3 e5 33. fxe5 dxe5 34.
Bxe5 Rd8 35. Bd4 Bf6 36. e5 Bg5 37. Rd1 Nb2 38. Bxb2 Rxd3 39. Nxd3 0-1

[Event "Torneo Zonale"]
[Site "Budva YUG"]
[Date "1981.10.??"]
[Round "1"]
[White "Tatai, Stefano"]
[Black "Toth, Bela"]
[Result "1-0"]
[WhiteElo "2485"]
[BlackElo "2400"]
[PlyCount "53"]
[EventDate "1981.10.04"]

1. d4 Nf6 2. c4 e6 3. Nf3 b6 4. g3 Bb7 5. Bg2 Be7 6. Nc3 Ne4 7. Bd2 Bf6 8. Rc1
Bxd4 9. Nxd4 Nxc3 10. Rxc3 Bxg2 11. Rg1 Bb7 12. g4 d6 13. g5 Qd7 14. Re3 Nc6
15. Nf5 Kf8 16. Ng3 e5 17. Re4 Nd4 18. Rh4 Re8 19. Bc3 c5 20. Qd3 g6 21. Ne4
Qf5 22. Rg3 Bxe4 23. Rxe4 Kg7 24. h4 h6 25. gxh6+ Rxh6 26. Rxd4 Qxd3 27. Rdxd3
1-0

[Event "Torneo Zonale"]
[Site "Budva YUG"]
[Date "1981.10.??"]
[Round "2"]
[White "Mariotti, Sergio"]
[Black "Tatai, Stefano"]
[Result "1/2-1/2"]
[WhiteElo "2475"]
[BlackElo "2485"]
[PlyCount "26"]
[EventDate "1981.10.04"]

1. c4 e6 2. Nc3 d5 3. d4 Nf6 4. Bg5 Be7 5. e3 O-O 6. Nf3 Nbd7 7. Qc2 h6 8. Bh4
c5 9. cxd5 Nxd5 10. Bxe7 Nxe7 11. Rd1 Qa5 12. Qa4 Qxa4 13. Nxa4 cxd4 1/2-1/2

[Event "Torneo Zonale"]
[Site "Budva YUG"]
[Date "1981.10.??"]
[Round "3"]
[White "Skembris, Spyridon"]
[Black "Mariotti, Sergio"]
[Result "1-0"]
[WhiteElo "2415"]
[BlackElo "2475"]
[PlyCount "71"]
[EventDate "1981.10.04"]

1. g4 e5 2. Bg2 h5 3. gxh5 Qg5 4. Bf3 Qh4 5. Nc3 Nf6 6. e4 Bc5 7. d4 Bxd4 8.
Qe2 Bxc3+ 9. bxc3 Nxh5 10. Be3 Nf4 11. Qb5 Nc6 12. O-O-O a6 13. Qa4 Qf6 14. Ne2
Ne6 15. Bg4 d6 16. Qb3 Nc5 17. Bxc5 Qg5+ 18. Be3 Qxg4 19. Ng3 Rb8 20. Rhg1 Be6
21. c4 Qf3 22. Nf5 Bxf5 23. exf5 Rh7 24. c5 d5 25. Rxd5 Qxf5 26. Rg5 Qe4 27.
Bd2 Qe2 28. Qg3 Qf1+ 29. Kb2 Qb5+ 30. Kc1 Qf1+ 31. Kb2 b6 32. Rgxe5+ Kf8 33.
Re3 bxc5+ 34. Rb3 Rc8 35. Rxc5 Qe2 36. Be3 1-0

[Event "Torneo Zonale"]
[Site "Budva YUG"]
[Date "1981.10.??"]
[Round "3"]
[White "Trikaliotis, Georgios"]
[Black "Toth, Bela"]
[Result "1-0"]
[WhiteElo "2345"]
[BlackElo "2400"]
[PlyCount "55"]
[EventDate "1981.10.04"]

1. d4 Nf6 2. Nf3 b6 3. e3 Bb7 4. Nbd2 d6 5. b3 e6 6. Bb2 Be7 7. Bd3 c5 8. O-O
cxd4 9. exd4 O-O 10. Re1 Nbd7 11. a3 a6 12. c4 Re8 13. Ng5 Bf8 14. f4 Rb8 15.
b4 h6 16. Ngf3 b5 17. Qe2 bxc4 18. Nxc4 Nd5 19. g3 N7b6 20. Na5 Ba8 21. Rac1
Na4 22. Ba1 Qb6 23. Qd1 Nxb4 24. axb4 Qxb4 25. Nc6 Bxc6 26. Rxc6 a5 27. Rc4 Nb2
28. Rxb4 1-0

[Event "Torneo Zonale"]
[Site "Budva YUG"]
[Date "1981.10.??"]
[Round "4"]
[White "Guimaraes, Jorge"]
[Black "Tatai, Stefano"]
[Result "1/2-1/2"]
[WhiteElo "2260"]
[BlackElo "2485"]
[PlyCount "40"]
[EventDate "1981.10.04"]

1. e4 e5 2. Nf3 Nc6 3. d4 exd4 4. Nxd4 Bc5 5. Be3 Qf6 6. c3 Nge7 7. Be2 d5 8.
O-O O-O 9. Nxc6 Qxc6 10. Bxc5 Qxc5 11. Nd2 Qb6 12. Qc1 dxe4 13. Nxe4 Bf5 14.
Bf3 Rad8 15. b3 Ng6 16. Qg5 Rd5 17. Qc1 Re5 18. Ng3 Nh4 19. Qf4 Nxf3+ 20. Qxf3
Be6 1/2-1/2

[Event "Torneo Zonale"]
[Site "Budva YUG"]
[Date "1981.10.??"]
[Round "4"]
[White "Mariotti, Sergio"]
[Black "Trikaliotis, Georgios"]
[Result "1-0"]
[WhiteElo "2475"]
[BlackElo "2345"]
[PlyCount "65"]
[EventDate "1981.10.04"]

1. d4 Nf6 2. c4 d6 3. Nc3 Nbd7 4. e4 e5 5. Nge2 c6 6. g3 Be7 7. Bg2 O-O 8. O-O
a6 9. f4 exd4 10. Nxd4 Nb6 11. b3 Bg4 12. Qd2 Bd7 13. h3 c5 14. Nf5 Bxf5 15.
exf5 d5 16. Nxd5 Nfxd5 17. cxd5 Bf6 18. Bb2 Nxd5 19. Rad1 Nb4 20. Bxb7 Rb8 21.
Bg2 Qb6 22. Bxf6 Qxf6 23. Qf2 Rfd8 24. Rxd8+ Rxd8 25. Qxc5 Nxa2 26. Re1 h6 27.
Re5 Qd6 28. Re8+ Kh7 29. Qxd6 Rxd6 30. Rf8 Rd7 31. Bf1 Nc3 32. Bc4 Ne4 33. Bxf7
1-0

[Event "Torneo Zonale"]
[Site "Budva YUG"]
[Date "1981.10.??"]
[Round "6"]
[White "Fernandes, Antonio M."]
[Black "Toth, Bela"]
[Result "0-1"]
[WhiteElo "2390"]
[BlackElo "2400"]
[PlyCount "124"]
[EventDate "1981.10.04"]

1. e4 c5 2. f4 e6 3. Nf3 Nc6 4. d3 d5 5. g3 dxe4 6. dxe4 Qxd1+ 7. Kxd1 b6 8.
Be3 Bb7 9. Nbd2 Nf6 10. Bg2 Rd8 11. Kc1 Ng4 12. Bg1 Be7 13. h3 Nf6 14. Bf2 O-O
15. c3 Rd7 16. Kc2 Rfd8 17. Rad1 h6 18. Rhe1 Kf8 19. a3 Ba6 20. Bf1 Bxf1 21.
Rxf1 b5 22. e5 Nd5 23. c4 bxc4 24. Nxc4 Kg8 25. Nfd2 Nd4+ 26. Bxd4 cxd4 27.
Rfe1 g5 28. Re4 gxf4 29. gxf4 Kh7 30. Rg1 Ne3+ 31. Nxe3 dxe3 32. Nb3 Rc8+ 33.
Kb1 Rd3 34. Nc1 Rd2 35. Rxe3 Bc5 36. Rc3 Bd4 37. Rxc8 Rxb2+ 38. Ka1 Rg2+ 39.
Kb1 Rxg1 40. Kc2 Rg2+ 41. Kd3 Bb6 42. Ke4 Rg3 43. f5 exf5+ 44. Kxf5 Rxh3 45. a4
Kg7 46. Re8 Rf3+ 47. Kg4 Ra3 48. Ne2 Rxa4+ 49. Kf5 Be3 50. Re7 Kf8 51. Rb7 Rc4
52. Rb8+ Ke7 53. Rb7+ Ke8 54. Rb8+ Kd7 55. Kf6 Rc2 56. Ng3 Rf2+ 57. Kg7 Bf4 58.
Rb7+ Kc6 59. Rb3 Rg2 60. Rc3+ Kd5 61. e6 fxe6 62. Rd3+ Ke5 0-1

[Event "Torneo Zonale"]
[Site "Budva YUG"]
[Date "1981.10.??"]
[Round "6"]
[White "Soylu, Suat"]
[Black "Tatai, Stefano"]
[Result "1/2-1/2"]
[WhiteElo "2235"]
[BlackElo "2485"]
[PlyCount "34"]
[EventDate "1981.10.04"]

1. e4 e5 2. Nf3 Nc6 3. Bc4 Bc5 4. c3 Nf6 5. d3 d6 6. h3 h6 7. O-O O-O 8. Re1
Bb6 9. Bb3 Be6 10. Bc2 Re8 11. d4 exd4 12. Nxd4 Bd7 13. Nf3 Ne5 14. Nxe5 dxe5
15. Nd2 Be6 16. Qf3 Nh7 17. Nf1 Qf6 1/2-1/2

[Event "Torneo Zonale"]
[Site "Budva YUG"]
[Date "1981.10.??"]
[Round "7"]
[White "Mariotti, Sergio"]
[Black "Fernandes, Antonio M."]
[Result "1/2-1/2"]
[WhiteElo "2475"]
[BlackElo "2390"]
[PlyCount "65"]
[EventDate "1981.10.04"]

1. Nf3 Nf6 2. c4 c5 3. Nc3 Nc6 4. g3 e5 5. Bg2 g6 6. O-O Bg7 7. d3 O-O 8. Rb1
d5 9. cxd5 Nxd5 10. Nxe5 Nxc3 11. Nxc6 Qb6 12. Ne7+ Kh8 13. Nd5 Nxd1 14. Nxb6
axb6 15. Rxd1 Rxa2 16. Bd5 Ra7 17. b4 Re8 18. bxc5 bxc5 19. Be3 Bd4 20. Bxd4+
cxd4 21. Rd2 Re7 22. f4 Bd7 23. Rb4 Bh3 24. Rb1 Bd7 25. Rc2 Bc6 26. Bxc6 bxc6
27. Kf2 Rac7 28. Rb8+ Kg7 29. Rd8 c5 30. Rd5 Ra7 31. Rdxc5 Ra1 32. Rc1 Ra2 33.
R5c2 1/2-1/2

[Event "Torneo Zonale"]
[Site "Budva YUG"]
[Date "1981.10.??"]
[Round "7"]
[White "Tatai, Stefano"]
[Black "Makropoulos, Georgios"]
[Result "1/2-1/2"]
[WhiteElo "2485"]
[BlackElo "2475"]
[PlyCount "48"]
[EventDate "1981.10.04"]

1. e4 c5 2. Nf3 Nc6 3. d4 cxd4 4. Nxd4 g6 5. c4 Bg7 6. Be3 Nf6 7. Nc3 O-O 8.
Be2 b6 9. O-O Bb7 10. f3 Rc8 11. Qd2 Nh5 12. Rfd1 Nf4 13. Bf1 Ne6 14. Ncb5
Nexd4 15. Nxd4 Nxd4 16. Bxd4 Bxd4+ 17. Qxd4 d6 18. e5 dxe5 19. Qxe5 Qc7 20.
Qxc7 Rxc7 21. Rd2 Bc8 22. Rad1 Kg7 23. b3 Be6 24. Kf2 g5 1/2-1/2

[Event "Torneo Zonale"]
[Site "Budva YUG"]
[Date "1981.10.??"]
[Round "7"]
[White "Toth, Bela"]
[Black "Guimaraes, Jorge"]
[Result "1-0"]
[WhiteElo "2400"]
[BlackElo "2260"]
[PlyCount "59"]
[EventDate "1981.10.04"]

1. d4 Nf6 2. c4 e6 3. Nc3 d5 4. cxd5 exd5 5. Bg5 Be7 6. e3 O-O 7. Bd3 b6 8.
Bxf6 Bxf6 9. Qh5 g6 10. Qxd5 c6 11. Qxd8 Rxd8 12. Nge2 Bb7 13. Be4 Nd7 14. b4
Rab8 15. Rb1 Nf8 16. O-O Ne6 17. g3 Be7 18. Rfc1 Rd7 19. Bg2 Bf8 20. a4 a6 21.
a5 b5 22. Rc2 Re8 23. Na2 Nd8 24. Nf4 Bd6 25. Nd3 Rc7 26. Nc3 f5 27. Ne2 Ree7
28. h4 Bc8 29. Nef4 Bd7 30. Rbc1 1-0

[Event "Torneo Zonale"]
[Site "Budva YUG"]
[Date "1981.10.??"]
[Round "8"]
[White "Santos, Jose' Pereira"]
[Black "Toth, Bela"]
[Result "1-0"]
[WhiteElo "2315"]
[BlackElo "2400"]
[PlyCount "55"]
[EventDate "1981.10.04"]

1. d4 Nf6 2. c4 c5 3. Nf3 cxd4 4. Nxd4 e5 5. Nb5 d5 6. cxd5 Bc5 7. N5c3 O-O 8.
a3 Bf5 9. e3 e4 10. b4 Bd6 11. Bb2 Nbd7 12. Be2 Ne5 13. Nd2 Re8 14. h3 h5 15.
Nc4 Nxc4 16. Bxc4 Qe7 17. Nb5 Be5 18. d6 Qd7 19. Bxe5 Rxe5 20. Qe2 h4 21. Rd1
Bg6 22. Nc7 Rd8 23. Rd4 Rg5 24. Nd5 Nxd5 25. Bxd5 Rxg2 26. Qf1 Rg5 27. Rg1 Rc8
28. Rxg5 1-0

[Event "Torneo Zonale"]
[Site "Budva YUG"]
[Date "1981.10.??"]
[Round "9"]
[White "Mariotti, Sergio"]
[Black "Santos, Jose' Pereira"]
[Result "1/2-1/2"]
[WhiteElo "2475"]
[BlackElo "2315"]
[PlyCount "25"]
[EventDate "1981.10.04"]

1. d4 Nf6 2. Nf3 g6 3. g3 Bg7 4. Bg2 O-O 5. c4 d5 6. O-O dxc4 7. Ne5 c5 8. d5
Nbd7 9. Nxc4 Nb6 10. Nxb6 Qxb6 11. Nc3 e6 12. dxe6 Bxe6 13. Qc2 1/2-1/2

[Event "Torneo Zonale"]
[Site "Budva YUG"]
[Date "1981.10.??"]
[Round "9"]
[White "Tatai, Stefano"]
[Black "Cebalo, Miso"]
[Result "0-1"]
[WhiteElo "2485"]
[BlackElo "2500"]
[PlyCount "78"]
[EventDate "1981.10.04"]

1. e4 c5 2. Nf3 e6 3. d4 cxd4 4. Nxd4 Nf6 5. Nc3 d6 6. g4 h6 7. g5 hxg5 8. Bxg5
Nc6 9. Qd2 Qb6 10. Nb3 a6 11. O-O-O Bd7 12. Bg2 Qc7 13. f4 O-O-O 14. h4 Be7 15.
f5 Kb8 16. fxe6 fxe6 17. Kb1 Bc8 18. Qe2 Nh5 19. Qe3 Ne5 20. Rd4 Ng4 21. Qd2
Rhf8 22. Rf1 Bxg5 23. Qxg5 Nhf6 24. Bh3 Ne5 25. Bg2 Rh8 26. Bf3 Rh6 27. Be2
Rdh8 28. Rfd1 Rxh4 29. Qg1 Ne8 30. a4 Bd7 31. Rb4 Ka8 32. Ka2 Rh3 33. Qg5 Bc8
34. Qd2 Rh2 35. a5 Bd7 36. Qg5 R8h6 37. Rd2 Bc6 38. Rb6 Nd7 39. Rxc6 Qxc6 0-1

[Event "Torneo Zonale"]
[Site "Budva YUG"]
[Date "1981.10.??"]
[Round "9"]
[White "Toth, Bela"]
[Black "Soylu, Suat"]
[Result "0-1"]
[WhiteElo "2400"]
[BlackElo "2235"]
[PlyCount "80"]
[EventDate "1981.10.04"]

1. d4 Nf6 2. c4 c5 3. d5 e6 4. Nc3 exd5 5. cxd5 d6 6. e4 g6 7. Bd3 Bg7 8. Nge2
O-O 9. O-O Na6 10. Kh1 Nc7 11. a4 Ng4 12. f3 Ne5 13. Bc2 a6 14. Ng3 Qh4 15. a5
Bd7 16. Ba4 Bb5 17. Nxb5 axb5 18. Bc2 Nc4 19. Ra2 b4 20. f4 Qd8 21. Qf3 Nxa5
22. b3 Nb5 23. Bb2 Bxb2 24. Rxb2 c4 25. Qe3 c3 26. Ra2 Nc4 27. bxc4 Rxa2 28.
Bb1 Rb2 29. cxb5 c2 30. Bxc2 Rxc2 31. f5 Qh4 32. Kg1 Ra8 33. fxg6 hxg6 34. Qf3
f6 35. e5 Raa2 36. e6 Qd4+ 37. Kh1 Rxg2 38. Qxg2 Rxg2 39. e7 Kf7 40. Re1 Rg1+
0-1

[Event "Torneo Zonale"]
[Site "Budva YUG"]
[Date "1981.10.??"]
[Round "10"]
[White "Ivanovic, Bozidar"]
[Black "Tatai, Stefano"]
[Result "1-0"]
[WhiteElo "2550"]
[BlackElo "2485"]
[PlyCount "139"]
[EventDate "1981.10.04"]

1. e4 c5 2. Nf3 d6 3. d4 cxd4 4. Nxd4 Nf6 5. Nc3 g6 6. Be3 Bg7 7. f3 Nc6 8. Bc4
O-O 9. Qd2 Bd7 10. h4 Rc8 11. Bb3 Ne5 12. h5 Nxh5 13. O-O-O Nc4 14. Bxc4 Rxc4
15. g4 Nf6 16. Bh6 Nxe4 17. Qe3 Rxc3 18. bxc3 Nf6 19. Bxg7 Kxg7 20. Qh6+ Kh8
21. Ne2 Rg8 22. Qe3 a6 23. Ng3 Rg7 24. g5 Nh5 25. Nxh5 gxh5 26. Rxh5 Bf5 27.
Rh6 Qd7 28. Rd4 Bg6 29. a4 b5 30. axb5 axb5 31. Rb4 Rg8 32. Rh2 Rc8 33. Rd2 Qb7
34. Rb3 Kg8 35. Kb2 Rc5 36. f4 Qe4 37. Qf2 Rc4 38. Rd4 Qf5 39. Rxc4 bxc4 40.
Rb8+ Kg7 41. Qd4+ f6 42. gxf6+ Qxf6 43. Qxc4 h5 44. Rb5 Bf5 45. Qe2 Kh6 46. Rb7
e6 47. Qa6 d5 48. Qa7 Bg6 49. Qe3 Bf5 50. Qa7 Bg6 51. Qe3 Bf5 52. Ra7 h4 53.
Ra1 Kh5 54. Ra8 Qg7 55. Ra7 Qg2 56. Ka3 Qe4 57. Qf2 d4 58. Rg7 Qa8+ 59. Kb3 Kh6
60. Rg5 Qd5+ 61. c4 Qh1 62. Kb2 Qb7+ 63. Kc1 Qh1+ 64. Rg1 Qh3 65. Qxd4 Qa3+ 66.
Kd2 Qb4+ 67. Ke2 Qf8 68. Qf2 Bg6 69. Qxh4+ Bh5+ 70. Kf1 1-0

[Event "Torneo Zonale"]
[Site "Budva YUG"]
[Date "1981.10.??"]
[Round "10"]
[White "Makropoulos, Georgios"]
[Black "Toth, Bela"]
[Result "0-1"]
[WhiteElo "2475"]
[BlackElo "2400"]
[PlyCount "140"]
[EventDate "1981.10.04"]

1. e4 e5 2. Nf3 Nf6 3. Nxe5 d6 4. Nf3 Nxe4 5. d4 d5 6. Bd3 Be7 7. O-O Nc6 8. c4
Nb4 9. cxd5 Nxd3 10. Qxd3 Qxd5 11. Re1 Bf5 12. Ne5 f6 13. Nc3 Nxc3 14. Qxf5 Nb5
15. Qh5+ g6 16. Qh3 fxe5 17. Rxe5 Qxd4 18. Qe6 Qd1+ 19. Re1 Qd7 20. Bg5 O-O-O
21. Qxe7 Rde8 22. Qxd7+ Kxd7 23. Red1+ Nd6 24. Rd2 Re6 25. Rc1 Rhe8 26. Be3 a6
27. h3 Kc8 28. Kh2 Ne4 29. Rdc2 c6 30. Bb6 R8e7 31. Rd1 Rd7 32. Re1 Rdd6 33.
Rce2 Ng5 34. h4 Rxe2 35. Rxe2 Ne6 36. Ba5 Kd7 37. Bc3 c5 38. Be1 b5 39. a3 Kc6
40. h5 Nf4 41. Re7 Nxh5 42. Rxh7 Nf6 43. Rf7 Ne4 44. Ba5 Kd5 45. f3 Nf2 46. Re7
Kc4 47. Re2 Nd3 48. g3 Kb3 49. Rd2 c4 50. Bc3 Re6 51. Kh3 a5 52. Kg4 b4 53.
axb4 axb4 54. Bg7 Nc5 55. Kg5 Re3 56. Rf2 Nd3 57. Rg2 Rxf3 58. Kxg6 Rf1 59. Bd4
Rb1 60. Kf7 Nxb2 61. g4 c3 62. g5 c2 63. Rxc2 Kxc2 64. g6 Rf1+ 65. Ke7 Rf4 66.
g7 Rg4 67. Kf7 b3 68. g8=Q Rxg8 69. Kxg8 Na4 70. Ba1 Nb2 0-1

[Event "Torneo Zonale"]
[Site "Budva YUG"]
[Date "1981.10.??"]
[Round "10"]
[White "Soylu, Suat"]
[Black "Mariotti, Sergio"]
[Result "0-1"]
[WhiteElo "2235"]
[BlackElo "2475"]
[PlyCount "86"]
[EventDate "1981.10.04"]

1. e4 c5 2. Nf3 a6 3. d4 cxd4 4. Nxd4 Nf6 5. Nc3 e5 6. Nf3 Bb4 7. Bc4 Qc7 8.
Qd3 d6 9. O-O Bxc3 10. bxc3 Nbd7 11. Rd1 Nc5 12. Qxd6 Qxd6 13. Rxd6 Nfxe4 14.
Rd1 Be6 15. Bxe6 Nxe6 16. Nxe5 Nxc3 17. Rd3 Ne2+ 18. Kf1 Nxc1 19. Rxc1 Rc8 20.
c4 f6 21. Rd6 Nc5 22. Nd3 Ke7 23. Rd5 Nxd3 24. Rxd3 Rc7 25. Re1+ Kf7 26. Rb1
Re8 27. g3 Kg6 28. Rdb3 Ree7 29. Rc3 Rc5 30. Rbc1 h5 31. R1c2 Kg5 32. Kg2 Rec7
33. Kf3 g6 34. Rc1 R7c6 35. Ke3 Kg4 36. R1c2 b5 37. Kd4 Rxc4+ 38. Rxc4 Rxc4+
39. Rxc4 bxc4 40. Kxc4 Kf3 41. Kb4 Kxf2 42. Ka5 Kg2 43. Kxa6 Kxh2 0-1

[Event "Torneo Zonale"]
[Site "Budva YUG"]
[Date "1981.10.??"]
[Round "11"]
[White "Mariotti, Sergio"]
[Black "Makropoulos, Georgios"]
[Result "0-1"]
[WhiteElo "2475"]
[BlackElo "2475"]
[PlyCount "44"]
[EventDate "1981.10.04"]

1. e4 c6 2. d4 d5 3. exd5 cxd5 4. c3 Nc6 5. Bf4 g6 6. Nf3 Bg7 7. Be2 Nh6 8. O-O
O-O 9. Qc1 Nf5 10. Nbd2 f6 11. Nb3 e5 12. dxe5 fxe5 13. Bg5 Qb6 14. Qd1 Be6 15.
Bc1 Kh8 16. Ng5 Bg8 17. Qd3 Rae8 18. Qh3 a5 19. c4 e4 20. cxd5 e3 21. dxc6
exf2+ 22. Kh1 Rxe2 0-1

[Event "Torneo Zonale"]
[Site "Budva YUG"]
[Date "1981.10.??"]
[Round "11"]
[White "Toth, Bela"]
[Black "Attard, Wilfred"]
[Result "1-0"]
[WhiteElo "2400"]
[BlackElo "2225"]
[PlyCount "33"]
[EventDate "1981.10.04"]

1. d4 Nf6 2. c4 c5 3. d5 e6 4. Nc3 exd5 5. cxd5 g6 6. e4 d6 7. f4 Bg7 8. Bb5+
Bd7 9. e5 Ng8 10. Nf3 Nh6 11. O-O O-O 12. h3 Qb6 13. Bc4 Qb4 14. Qd3 f6 15. e6
Bc8 16. Nb5 Nf5 17. Bd2 1-0

[Event "Torneo Zonale"]
[Site "Budva YUG"]
[Date "1981.10.??"]
[Round "13"]
[White "Tatai, Stefano"]
[Black "Rajkovic, Dusan"]
[Result "1/2-1/2"]
[WhiteElo "2485"]
[BlackElo "2470"]
[PlyCount "82"]
[EventDate "1981.10.04"]

1. d4 Nf6 2. c4 c5 3. d5 e6 4. Nc3 exd5 5. cxd5 d6 6. e4 g6 7. Be2 Bg7 8. Nf3
O-O 9. O-O Bg4 10. Nd2 Bxe2 11. Qxe2 Nbd7 12. Nc4 Nb6 13. Ne3 Qe7 14. f3 Nh5
15. g4 Nf4 16. Qc2 h5 17. Kh1 Be5 18. Ne2 Nxe2 19. Qxe2 hxg4 20. Nxg4 Bg7 21.
Qg2 Qh4 22. Rg1 Rae8 23. Bd2 Nc4 24. Bc3 Bxc3 25. bxc3 Ne5 26. Qe2 Nxg4 27.
Rxg4 Qf6 28. Qe3 Kg7 29. Re1 Rh8 30. f4 Rh5 31. c4 Reh8 32. Re2 Rh3 33. e5 Qf5
34. Rg3 Rxg3 35. Qxg3 dxe5 36. Rxe5 Qc2 37. f5 Qb1+ 38. Qe1 Qxa2 39. f6+ Kxf6
40. Re2 Qxc4 41. Rf2+ Kg7 1/2-1/2

[Event "Torneo Zonale"]
[Site "Budva YUG"]
[Date "1981.10.??"]
[Round "14"]
[White "Hulak, Krunoslav"]
[Black "Toth, Bela"]
[Result "1-0"]
[WhiteElo "2475"]
[BlackElo "2400"]
[PlyCount "63"]
[EventDate "1981.10.04"]

1. e4 e5 2. Nf3 Nf6 3. Nxe5 d6 4. Nf3 Nxe4 5. d4 d5 6. Bd3 Be7 7. O-O Nc6 8. c4
Nf6 9. Nc3 O-O 10. h3 Nb4 11. Be2 dxc4 12. Bxc4 Nbd5 13. Re1 c6 14. Bg5 Be6 15.
Qb3 Rb8 16. Ne5 Re8 17. Rad1 Qd6 18. Bh4 Qb4 19. Qc2 Rbd8 20. Bd3 h6 21. Bg3
Qa5 22. Nc4 Qa6 23. Nxd5 Nxd5 24. Rxe6 Nb4 25. Qe2 fxe6 26. Qxe6+ Kh8 27. Bb1
Bf6 28. Qf5 Kg8 29. Qh7+ Kf8 30. Bd6+ Re7 31. b3 Ke8 32. Qg8+ 1-0

[Event "Torneo Zonale"]
[Site "Budva YUG"]
[Date "1981.10.??"]
[Round "14"]
[White "Ivanovic, Bozidar"]
[Black "Mariotti, Sergio"]
[Result "1-0"]
[WhiteElo "2550"]
[BlackElo "2475"]
[PlyCount "119"]
[EventDate "1981.10.04"]

1. e4 e5 2. Nf3 Nc6 3. d4 exd4 4. Bc4 Nf6 5. e5 Ng4 6. O-O d6 7. exd6 Bxd6 8.
Bg5 Bxh2+ 9. Kh1 Qd6 10. g3 O-O 11. Nbd2 Bxg3 12. fxg3 Qxg3 13. Qe1 Qh3+ 14.
Kg1 Bf5 15. Qh4 Ne3 16. Qxh3 Bxh3 17. Rf2 Nxc4 18. Nxc4 Rfe8 19. Bf4 Re7 20.
Rd2 Rd8 21. Rad1 Bg4 22. Kf2 Rd5 23. Rg1 Bxf3 24. Kxf3 Rf5 25. Rg5 Rxg5 26.
Bxg5 f6 27. Bf4 Kf7 28. Re2 Rd7 29. Bxc7 g5 30. Rh2 Kg6 31. Bg3 h5 32. Rd2 h4
33. Bh2 Re7 34. b4 Nxb4 35. Bd6 Re6 36. Bxb4 a5 37. Nxa5 Re3+ 38. Kf2 Re4 39.
Bc5 Re5 40. Nb3 g4 41. Bxd4 Rf5+ 42. Kg2 Rf3 43. Rf2 Rg3+ 44. Kf1 f5 45. Nc5 b5
46. Nd3 Kg5 47. Be5 Rh3 48. Kg2 b4 49. Rf1 f4 50. Bxf4+ Kf5 51. Bg3+ Kg5 52.
Be1 Kh6 53. Rf4 Re3 54. Bxh4 Re2+ 55. Kg3 b3 56. axb3 Re3+ 57. Kxg4 Re6 58. Kf5
Re8 59. Be7 Kh5 60. Rh4# 1-0

[Event "Torneo Zonale"]
[Site "Budva YUG"]
[Date "1981.10.??"]
[Round "15"]
[White "Tatai, Stefano"]
[Black "Rukavina, Josip"]
[Result "1-0"]
[WhiteElo "2485"]
[BlackElo "2460"]
[PlyCount "93"]
[EventDate "1981.10.04"]

1. d4 d6 2. c4 g6 3. Nc3 Bg7 4. e4 e5 5. Nge2 Nc6 6. d5 Nce7 7. h4 h5 8. Ng1 c5
9. g3 a6 10. a4 Nh6 11. Nh3 Bg4 12. f3 Bd7 13. Ng5 Nhg8 14. Bh3 Bxh3 15. Rxh3
Nf6 16. Kf2 Nh7 17. Kg2 Nxg5 18. hxg5 Nc8 19. g4 hxg4 20. Rxh8+ Bxh8 21. fxg4
Nb6 22. a5 Nd7 23. Qh1 Ke7 24. Bd2 Bg7 25. Na4 Qh8 26. Qxh8 Rxh8 27. b4 cxb4
28. Bxb4 Rc8 29. Rc1 Bf8 30. Kf3 Ke8 31. Ke2 Rb8 32. Rb1 b5 33. axb6 Nxb6 34.
Bxd6 Bxd6 35. Rxb6 Rxb6 36. Nxb6 Kd8 37. Na4 Be7 38. c5 Bxg5 39. Kd3 Bh4 40.
Kc4 Kc7 41. Nb2 f5 42. gxf5 gxf5 43. d6+ Kb7 44. exf5 e4 45. Kd5 e3 46. c6+ Kc8
47. Nc4 1-0

[Event "Torneo Zonale"]
[Site "Budva YUG"]
[Date "1981.10.??"]
[Round "15"]
[White "Toth, Bela"]
[Black "Velimirovic, Dragoljub"]
[Result "0-1"]
[WhiteElo "2400"]
[BlackElo "2520"]
[PlyCount "98"]
[EventDate "1981.10.04"]

1. d4 Nf6 2. c4 c5 3. d5 g6 4. Nc3 Bg7 5. e4 O-O 6. Nf3 d6 7. Be2 e6 8. O-O
exd5 9. cxd5 Re8 10. Nd2 Nbd7 11. f4 c4 12. Bxc4 Nc5 13. e5 dxe5 14. fxe5 Rxe5
15. Nf3 Re8 16. Kh1 a6 17. a4 Nce4 18. Nxe4 Nxe4 19. Qb3 Nd6 20. Bd3 Bg4 21.
Bf4 Bxf3 22. Rxf3 Be5 23. Raf1 Bxf4 24. Rxf4 Re3 25. Qc3 Qg5 26. Qd4 Rae8 27.
Rf6 Rd8 28. Qb6 Rd7 29. Rxd6 Rxd6 30. Qxd6 Rxd3 31. Qb8+ Kg7 32. Qxb7 Qf4 33.
Kg1 Qd4+ 34. Kh1 Qf2 35. Rg1 a5 36. h3 Qf5 37. Re1 Rxd5 38. Qc7 Qf6 39. Qc2 Rf5
40. b3 Rf1+ 41. Rxf1 Qxf1+ 42. Kh2 Qf4+ 43. Kg1 Qd4+ 44. Kf1 h5 45. Ke2 h4 46.
Qd3 Qb2+ 47. Qd2 Qe5+ 48. Qe3 Kf6 49. b4 axb4 0-1

[Event "Torneo Zonale"]
[Site "Budva YUG"]
[Date "1981.10.??"]
[Round "16"]
[White "Afifi, Assem"]
[Black "Tatai, Stefano"]
[Result "1/2-1/2"]
[WhiteElo "2220"]
[BlackElo "2485"]
[PlyCount "81"]
[EventDate "1981.10.04"]

1. c4 Nf6 2. Nf3 e6 3. b3 Be7 4. Bb2 O-O 5. e3 c5 6. Qc2 Nc6 7. a3 d5 8. cxd5
Nxd5 9. Nc3 Nxc3 10. Bxc3 Bd6 11. h4 Qe7 12. Bd3 h6 13. g4 e5 14. Rg1 Nd4 15.
Bxd4 cxd4 16. h5 Bd7 17. g5 Kh8 18. a4 Rac8 19. Qb1 Bc6 20. Be4 f5 21. Bxc6
Rxc6 22. Nh4 Qe6 23. Ng6+ Kh7 24. Nxf8+ Bxf8 25. gxh6 dxe3 26. fxe3 e4 27. Qb2
Qe7 28. Ke2 Rxh6 29. Rh1 f4 30. exf4 Qd7 31. Qc3 Qg4+ 32. Ke1 e3 33. Qd3+ Kh8
34. Qe2 Qg3+ 35. Kd1 exd2 36. Rb1 Qc3 37. Rf1 Rc6 38. Qe4 Rc7 39. h6 gxh6 40.
Qe5+ Bg7 41. Qxc3 1/2-1/2

[Event "Torneo Zonale"]
[Site "Budva YUG"]
[Date "1981.10.??"]
[Round "16"]
[White "Rajkovic, Dusan"]
[Black "Toth, Bela"]
[Result "1/2-1/2"]
[WhiteElo "2470"]
[BlackElo "2400"]
[PlyCount "23"]
[EventDate "1981.10.04"]

1. g3 e5 2. Bg2 Nf6 3. d3 d5 4. Nf3 Bd6 5. O-O h6 6. c4 dxc4 7. dxc4 Qe7 8. Nc3
c6 9. a3 a5 10. Nd2 Nbd7 11. Qc2 Nc5 12. Rb1 1/2-1/2

[Event "Torneo Zonale"]
[Site "Budva YUG"]
[Date "1981.10.??"]
[Round "17"]
[White "Mariotti, Sergio"]
[Black "Rajkovic, Dusan"]
[Result "1-0"]
[WhiteElo "2475"]
[BlackElo "2470"]
[PlyCount "117"]
[EventDate "1981.10.04"]

1. e4 c5 2. Nf3 Nc6 3. d4 cxd4 4. Nxd4 g6 5. c4 Nf6 6. Nc3 d6 7. Be2 Bg7 8. Nc2
Nd7 9. Be3 Nc5 10. Nd4 O-O 11. O-O Bd7 12. Qd2 Nxd4 13. Bxd4 Bxd4 14. Qxd4 a5
15. Rfd1 Na4 16. e5 Nxc3 17. Qxc3 dxe5 18. Qxe5 Qe8 19. h4 Bc6 20. h5 f6 21.
Qg3 Kg7 22. Rd2 Rd8 23. Rad1 Rxd2 24. Rxd2 Qb8 25. Qe3 Qe5 26. Qxe5 fxe5 27.
hxg6 hxg6 28. b3 Rf4 29. f3 Rd4 30. Rd3 Rh4 31. Re3 Kf6 32. Bd3 Rd4 33. Kf2 g5
34. Be4 Rd1 35. Re1 Rd2+ 36. Re2 Rd1 37. Ke3 Rg1 38. Kd3 Rd1+ 39. Kc3 Rg1 40.
Bxc6 bxc6 41. a3 Rc1+ 42. Kb2 Rd1 43. b4 axb4 44. axb4 Rd3 45. Kb1 Ke6 46. b5
cxb5 47. cxb5 Kd6 48. b6 Kc6 49. Rxe5 g4 50. Kc2 Ra3 51. Re6+ Kb7 52. fxg4 Rg3
53. Rg6 e6 54. Kd2 Kxb6 55. Ke2 Rxg2+ 56. Kf3 Rg1 57. Rxe6+ Kc7 58. Kf4 Kd7 59.
Re4 1-0

[Event "Torneo Zonale"]
[Site "Budva YUG"]
[Date "1981.10.??"]
[Round "18"]
[White "Ivkov, Borislav"]
[Black "Mariotti, Sergio"]
[Result "1/2-1/2"]
[WhiteElo "2510"]
[BlackElo "2475"]
[PlyCount "28"]
[EventDate "1981.10.04"]

1. d4 Nf6 2. c4 d6 3. Nc3 Nbd7 4. Nf3 e5 5. e4 c6 6. Be2 Be7 7. O-O O-O 8. Re1
a6 9. a3 b5 10. b4 Bb7 11. Bb2 Re8 12. Qb3 exd4 13. Nxd4 Bf8 14. Bf1 Ne5
1/2-1/2